Energy from the sun (Record no. 491765)

000 -LEADER
fixed length control field 00324cam a22001217a 4500
008 - FIXED-LENGTH DATA ELEMENTS--GENERAL INFORMATION
fixed length control field 180718b1992 xxu||||| |||| 00| 0 eng d
082 ## - DEWEY DECIMAL CLASSIFICATION NUMBER
Classification number Y26 So64
100 ## - MAIN ENTRY--PERSONAL NAME
Personal name Sootha, G.D.
245 ## - TITLE STATEMENT
Title Energy from the sun
Statement of responsibility, etc. by G.D. Sootha
260 ## - PUBLICATION, DISTRIBUTION, ETC.
Place of publication, distribution, etc. New Delhi
Name of publisher, distributor, etc. Matricks Information
Date of publication, distribution, etc. 1992
300 ## - PHYSICAL DESCRIPTION
Extent 138p.
650 ## - SUBJECT ADDED ENTRY--TOPICAL TERM
Topical term or geographic name entry element Energy resources
Holdings
Withdrawn status Lost status Damaged status Not for loan Permanent Location Current Location Date acquired Full call number Barcode Date last seen Price effective from Koha item type
        Indian Institute of Public Administration Indian Institute of Public Administration 2018-08-04 Y26 So64 GR15663 2018-08-04 2018-08-04 GR

Powered by Koha